UBT Library

Learning that lasts : (Record no. 47373)

000 -LEADER
fixed length control field 00828cam a2200241 a 4500
001 - CONTROL NUMBER
control field 11850580
005 - DATE AND TIME OF LATEST TRANSACTION
control field 20180828050311.0
008 - FIXED-LENGTH DATA ELEMENTS--GENERAL INFORMATION
fixed length control field 991126s2000 caua b 001 0 eng
010 ## - LIBRARY OF CONGRESS CONTROL NUMBER
LC control number 99050759
020 ## - INTERNATIONAL STANDARD BOOK NUMBER
International Standard Book Number 0787944823 (hard : acidfree paper)
040 ## - CATALOGING SOURCE
Original cataloging agency DLC
Transcribing agency DLC
Modifying agency DLC
041 ## - LANGUAGE CODE
Language code of text/sound track or separate title eng
080 ## - UNIVERSAL DECIMAL CLASSIFICATION NUMBER
Universal Decimal Classification number 370.1523
082 00 - DEWEY DECIMAL CLASSIFICATION NUMBER
Classification number 370.1523
Edition number 21
100 1# - Rafti
Rafti 46
101 ## - Shkurtesa
Shkurtesa EDU
245 10 - TITLE STATEMENT
Title Learning that lasts :
Statement of responsibility, etc Marcia Mentkowski and associates.
504 ## - BIBLIOGRAPHY, ETC. NOTE
Bibliography, etc Includes bibliographical references (p. 465-499) and indexes.
906 ## - LOCAL DATA ELEMENT F, LDF (RLIN)
a 7
b cbc
c orignew
d 1
e ecip
f 19
942 ## - ADDED ENTRY ELEMENTS (KOHA)
Source of classification or shelving scheme
Item type Books
Holdings
Withdrawn status Lost status Source of classification or shelving scheme Damaged status Not for loan Collection code Permanent location Current location Shelving location Date acquired Total Checkouts Full call number Barcode Date last seen Price effective from Koha item type
          Koleksioni i përgjithshem UBT - Lipjan UBT - Lipjan Koleksioni i përgjithshem 08/28/2018   370.1523 MEN 002-3011990 08/28/2018 08/28/2018 Books
UBT Library © 2015-2024. All rights reserved University Education for Business and Technology